00000000nam 2200000zi 4500
0019.947594
003CaOODSP
00520250131082810
006m     o  d f      
007cr cn|||||||||
008250131s1984    oncabd  ob   f000 0 eng d
040 |aCaOODSP|beng|erda|cCaOODSP
041 |aeng|beng|bfre
043 |an-cn---
0861 |aEn57-55/84-9E-PDF
1001 |aJohnstone, Kirk J. |q(Kirk James),‏ |d1955- |eauthor.
24513|aAn analogue/digital procedure for the mapping of snow cover from satellite imagery / |cby Kirk J. Johnstone, Shig Ishida.
264 1|aDownsview, Ontario : |bAtmospheric Environment Service, Canadian Climate Centre, Hydrometeorology Division, |c1984.
300 |a1 online resource (vi, 28 pages) : |billustrations, maps, graphs.
336 |atext|btxt|2rdacontent
337 |acomputer|bc|2rdamedia
338 |aonline resource|bcr|2rdacarrier
4901 |aCanadian Climate Centre report ; |vno. 84-9
500 |a"A publication of the Canadian Climate Program."
500 |aDigitized edition from print [produced by Environment and Climate Change Canada].
500 |a"This report has received only limited circulation because of the special nature of the project. However, reference is permitted if the words "Unpublished manuscript" are made part of the bibliographic entry, in accordance with accepted practice."
504 |aIncludes bibliographical references (pages 21-23).
520 |a"The feasibility of operationally mapping snow cover with the analogue Linear Measuring Set and digital Apple System (LMAS) has been demonstrated in this study. The initial transfer of the technology to Trainor Surveys Ltd has shown that there is good potential for this mapping to be carried out by the users or contractors"--Executive summary, page iii.
546 |aIncludes preface and executive summaries in English and French.
650 0|aSnow|zCanada|xMeasurement.
650 0|aSnow|zCanada|xRemote sensing.
650 6|aNeige|zCanada|xMesure.
650 6|aNeige|zCanada|xTélédétection.
7102 |aCanadian Climate Centre, |eissuing body.
7102 |aCanadian Climate Program, |eissuing body.
830#0|aCanadian Climate Centre report ;|vno. 84-9.|w(CaOODSP)9.934183
85640|qPDF|s42.4 MB|uhttps://publications.gc.ca/collections/collection_2025/eccc/en57/En57-55-84-9-eng.pdf